[Event "Men-Tehran"]
[Site "?"]
[Date "2015.09.17"]
[Round "6.12"]
[White "Oliyazade, Pooya"]
[Black "Darban, Morteza"]
[Result "1-0"]
[BlackElo "2327"]
[WhiteElo "2057"]
[LiveChessVersion "1.4.6"]

1. e4 {[%clk 1:30:39]} g6 {[%clk 1:27:48]} 2. d4 {[%clk 1:29:38]} Bg7
{[%clk 1:27:04]} 3. Nc3 {[%clk 1:29:59]} d6 {[%clk 1:27:07]} 4. Be3
{[%clk 1:25:24]} a6 {[%clk 1:20:46]} 5. a4 {[%clk 1:25:47]} b6 {[%clk 1:18:43]}
6. Qd2 {[%clk 1:15:14]} Bb7 {[%clk 1:16:04]} 7. f3 {[%clk 1:11:25]} e6
{[%clk 1:16:30]} 8. h4 {[%clk 1:08:03]} h6 {[%clk 1:16:51]} 9. O-O-O
{[%clk 0:51:52]} Nd7 {[%clk 1:08:16]} 10. g4 {[%clk 0:43:10]} h5 {[%clk 0:59:24]}
11. Bg5 {[%clk 0:30:34]} Ne7 {[%clk 0:45:52]} 12. gxh5 {[%clk 0:28:48]} Rxh5
{[%clk 0:46:11]} 13. Nge2 {[%clk 0:26:12]} Nf6 {[%clk 0:42:40]} 14. Nf4
{[%clk 0:18:01]} Rh8 {[%clk 0:29:50]} 15. Bh3 {[%clk 0:17:16]} Bc8
{[%clk 0:30:18]} 16. e5 {[%clk 0:09:57]} Nh7 {[%clk 0:14:42]} 17. exd6
{[%clk 0:04:07]} cxd6 {[%clk 0:13:03]} 18. Rhe1 {[%clk 0:01:57]} Nxg5
{[%clk 0:12:37]} 19. hxg5 {[%clk 0:02:20]} d5 {[%clk 0:11:55]} 20. Bg4
{[%clk 0:01:55]} Qd6 {[%clk 0:11:16]} 21. Rh1 {[%clk 0:00:38]} Rg8
{[%clk 0:02:11]} 22. Nfe2 {[%clk 0:00:51]} Bd7 {[%clk 0:01:53]} 23. Qf4
{[%clk 0:00:37]} Qxf4+ {[%clk 0:01:36]} 24. Nxf4 {[%clk 0:01:06]} O-O-O
{[%clk 0:01:41]} 25. b3 {[%clk 0:01:00]} Rh8 {[%clk 0:02:04]} 26. Nce2
{[%clk 0:01:22]} Kc7 {[%clk 0:01:17]} 27. c3 {[%clk 0:01:45]} Kd6
{[%clk 0:01:15]} 28. Nd3 {[%clk 0:02:03]} Nf5 {[%clk 0:00:46]} 29. Bxf5
{[%clk 0:02:17]} gxf5 {[%clk 0:01:14]} 30. f4 {[%clk 0:01:34]} a5
{[%clk 0:01:15]} 31. Ne5 {[%clk 0:01:56]} Ke7 {[%clk 0:01:11]} 32. Ng3
{[%clk 0:01:40]} Bxe5 {[%clk 0:00:56]} 33. dxe5 {[%clk 0:01:17]} Bc6
{[%clk 0:01:10]} 34. Rxh8 {[%clk 0:01:26]} Rxh8 {[%clk 0:01:38]} 35. Rh1
{[%clk 0:01:16]} Rxh1+ {[%clk 0:01:47]} 36. Nxh1 {[%clk 0:01:45]} d4
{[%clk 0:02:04]} 37. Nf2 {[%clk 0:02:11]} dxc3 {[%clk 0:02:21]} 38. Kc2
{[%clk 0:02:30]} Kf8 {[%clk 0:02:10]} 39. Kxc3 {[%clk 0:02:16]} Kg7
{[%clk 0:02:39]} 40. Nd3 {[%clk 0:01:47]} Kg6 {[%clk 0:01:01]} 41. Nb2
{[%clk 0:01:33]} Kh5 {[%clk 0:00:38]} 42. Nc4 {[%clk 0:01:54]} Kg4
{[%clk 0:01:05]} 43. Nd6 {[%clk 0:00:38]} Kxf4 44. Nxf7 Be8 {[%clk 0:01:31]} 45.
g6 {[%clk 0:01:16]} Ke3 {[%clk 0:02:00]} 46. Kc2 {[%clk 0:01:16]} f4
{[%clk 0:01:35]} 47. Kd1 {[%clk 0:01:16]} f3 {[%clk 0:01:48]} 48. Ke1
{[%clk 0:01:40]} b5 {[%clk 0:01:18]} 49. Nh6 {[%clk 0:00:43]} Bxg6
{[%clk 0:01:36]} 50. Ng4+ {[%clk 0:01:10]} Kf4 {[%clk 0:01:44]} 51. Nh2
{[%clk 0:01:27]} b4 {[%clk 0:01:23]} 52. Kf2 {[%clk 0:01:51]} Bc2
{[%clk 0:01:00]} 53. Nxf3 {[%clk 0:02:14]} Bxb3 {[%clk 0:01:10]} 54. Nd4
{[%clk 0:02:40]} Bd5 {[%clk 0:00:57]} 55. Ke2 {[%clk 0:02:53]} Ke4
{[%clk 0:00:44]} 56. Nc2 {[%clk 0:02:49]} Bb3 {[%clk 0:01:05]} 1-0

[Event "Men-Tehran"]
[Site "?"]
[Date "2015.09.17"]
[Round "6.13"]
[White "Tabatabaei, M.Amin"]
[Black "Eskandary, Mahmood"]
[Result "1-0"]
[BlackElo "2121"]
[WhiteElo "2488"]
[LiveChessVersion "1.4.6"]

1. e4 {[%clk 1:29:38]} e5 {[%clk 1:30:58]} 2. Nf3 {[%clk 1:29:58]} Nc6
{[%clk 1:31:26]} 3. Bb5 {[%clk 1:30:20]} Nf6 {[%clk 1:31:40]} 4. d3
{[%clk 1:29:36]} d6 {[%clk 1:32:00]} 5. c3 {[%clk 1:29:41]} Bd7 {[%clk 1:32:19]}
6. O-O {[%clk 1:29:43]} g6 {[%clk 1:32:43]} 7. Bg5 {[%clk 1:20:59]} Bg7
{[%clk 1:32:55]} 8. Nbd2 {[%clk 1:18:43]} h6 {[%clk 1:32:44]} 9. Bh4
{[%clk 1:18:32]} O-O {[%clk 1:33:02]} 10. Re1 {[%clk 1:18:36]} Qe8
{[%clk 1:30:22]} 11. Nf1 {[%clk 1:17:49]} Nh5 {[%clk 1:29:21]} 12. Ne3
{[%clk 1:17:20]} Nd8 {[%clk 1:28:49]} 13. Bxd7 {[%clk 1:16:52]} Qxd7
{[%clk 1:29:15]} 14. d4 {[%clk 1:16:56]} exd4 {[%clk 1:22:32]} 15. Nxd4
{[%clk 1:09:46]} Re8 {[%clk 1:10:18]} 16. Qf3 {[%clk 0:44:03]} Ne6
{[%clk 1:03:49]} 17. Qg4 {[%clk 0:31:34]} Kh7 {[%clk 0:46:40]} 18. Rad1
{[%clk 0:26:51]} Nf6 {[%clk 0:39:39]} 19. Bxf6 {[%clk 0:25:55]} Bxf6
{[%clk 0:40:07]} 20. Nd5 {[%clk 0:16:54]} Bg7 {[%clk 0:40:17]} 21. Nf4
{[%clk 0:16:48]} Bxd4 {[%clk 0:34:03]} 22. cxd4 {[%clk 0:16:44]} Qd8
{[%clk 0:30:07]} 23. Nd5 {[%clk 0:11:09]} c6 {[%clk 0:29:44]} 24. Nc3
{[%clk 0:11:39]} Qe7 {[%clk 0:23:48]} 25. d5 {[%clk 0:09:24]} Nc7
{[%clk 0:21:14]} 26. dxc6 {[%clk 0:08:09]} bxc6 {[%clk 0:21:35]} 27. Re2
{[%clk 0:08:19]} Rad8 {[%clk 0:21:26]} 28. h3 {[%clk 0:07:59]} Rd7
{[%clk 0:14:39]} 29. Qf3 {[%clk 0:07:15]} Red8 {[%clk 0:14:08]} 30. g3
{[%clk 0:04:22]} Kg7 {[%clk 0:12:32]} 31. Kg2 {[%clk 0:04:25]} Qe6
{[%clk 0:12:36]} 32. Qe3 {[%clk 0:03:54]} a6 {[%clk 0:05:26]} 33. Qb6
{[%clk 0:03:34]} Qc4 {[%clk 0:05:32]} 34. Rd4 {[%clk 0:03:21]} Qc5
{[%clk 0:04:47]} 35. Qxc5 {[%clk 0:03:33]} dxc5 {[%clk 0:05:16]} 36. Rxd7
{[%clk 0:03:09]} Rxd7 {[%clk 0:05:44]} 37. Na4 {[%clk 0:02:06]} Ne6
{[%clk 0:06:12]} 38. Rc2 {[%clk 0:02:28]} Rb7 {[%clk 0:02:58]} 39. b3
{[%clk 0:02:46]} Rb5 {[%clk 0:03:17]} 40. Rc3 {[%clk 0:01:15]} g5
{[%clk 0:03:24]} 41. Kf3 {[%clk 0:01:37]} Kf6 {[%clk 0:03:11]} 42. Ke3
{[%clk 0:02:00]} Ke5 {[%clk 0:02:38]} 43. Nb2 {[%clk 0:02:25]} Kd6
{[%clk 0:02:18]} 44. f4 {[%clk 0:02:44]} gxf4+ {[%clk 0:02:15]} 45. gxf4
{[%clk 0:03:12]} Rb8 {[%clk 0:00:47]} 46. f5 {[%clk 0:01:12]} Nd4
{[%clk 0:01:13]} 47. Nd3 {[%clk 0:01:24]} Rg8 {[%clk 0:01:06]} 48. Rxc5
{[%clk 0:01:35]} Nb5 {[%clk 0:00:41]} 49. e5+ {[%clk 0:01:29]} Kd7
{[%clk 0:01:05]} 50. Nb4 {[%clk 0:00:53]} Rg3+ {[%clk 0:01:10]} 51. Kf4
{[%clk 0:01:22]} Rxh3 {[%clk 0:01:18]} 52. Nxc6 {[%clk 0:01:45]} Nc7
{[%clk 0:01:18]} 53. Nb8+ {[%clk 0:01:12]} Kd8 {[%clk 0:01:19]} 54. Rc6
{[%clk 0:01:39]} Nd5+ {[%clk 0:01:03]} 55. Kg4 {[%clk 0:01:47]} Rh2
{[%clk 0:00:43]} 56. Rd6+ {[%clk 0:01:50]} Kc8 {[%clk 0:01:05]} 57. Rxd5
{[%clk 0:01:06]} Kxb8 {[%clk 0:01:29]} 58. Rd7 {[%clk 0:01:07]} Re2
{[%clk 0:00:58]} 59. e6 {[%clk 0:01:04]} fxe6 60. f6 Kc8 {[%clk 0:00:40]} 61. f7
{[%clk 0:01:55]} Kxd7 {[%clk 0:00:42]} 62. f8=Q {[%clk 0:02:24]} Rxa2
{[%clk 0:01:01]} 63. Qxh6 {[%clk 0:02:18]} Rg2+ {[%clk 0:00:33]} 64. Kf3
{[%clk 0:02:40]} Ra2 {[%clk 0:00:50]} 65. Ke4 {[%clk 0:02:50]} Ra5
{[%clk 0:01:18]} 66. Qg7+ {[%clk 0:02:24]} Kc6 {[%clk 0:01:08]} 67. Qa7
{[%clk 0:02:10]} Ra2 {[%clk 0:00:33]} 68. Ke5 {[%clk 0:02:32]} Re2+
{[%clk 0:00:32]} 69. Kf6 {[%clk 0:03:01]} Ra2 {[%clk 0:00:32]} 70. Kxe6
{[%clk 0:03:30]} Kb5 {[%clk 0:00:34]} 71. Qb7+ {[%clk 0:03:49]} Kc5
{[%clk 0:00:45]} 72. b4+ {[%clk 0:04:15]} 1-0

[Event "Men-Tehran"]
[Site "?"]
[Date "2015.09.17"]
[Round "6.14"]
[White "Gholami, Aryan"]
[Black "Lorparizangeneh, Shahin"]
[Result "0-1"]
[BlackElo "2426"]
[WhiteElo "2405"]
[LiveChessVersion "1.4.6"]

1. e4 {[%clk 1:30:45]} e5 {[%clk 1:29:29]} 2. Nf3 {[%clk 1:30:38]} Nc6
{[%clk 1:29:53]} 3. Bc4 {[%clk 1:30:42]} Bc5 {[%clk 1:29:58]} 4. c3
{[%clk 1:30:49]} Nf6 {[%clk 1:30:09]} 5. d4 {[%clk 1:30:53]} exd4
{[%clk 1:30:23]} 6. e5 {[%clk 1:30:59]} d5 {[%clk 1:30:34]} 7. Bb5
{[%clk 1:31:12]} Ne4 {[%clk 1:30:36]} 8. cxd4 {[%clk 1:31:15]} Bb6
{[%clk 1:30:43]} 9. Be3 {[%clk 1:30:06]} O-O {[%clk 1:30:37]} 10. Nc3
{[%clk 1:28:53]} f5 {[%clk 1:13:28]} 11. exf6 {[%clk 1:11:57]} Nxf6
{[%clk 1:05:41]} 12. Bxc6 {[%clk 1:07:43]} bxc6 {[%clk 1:06:02]} 13. Ne5
{[%clk 1:07:05]} Qd6 {[%clk 0:58:02]} 14. O-O {[%clk 1:06:13]} Nd7
{[%clk 0:56:55]} 15. Re1 {[%clk 1:00:45]} Nxe5 {[%clk 0:54:00]} 16. dxe5
{[%clk 1:01:08]} Qg6 {[%clk 0:54:21]} 17. Ne2 {[%clk 0:46:14]} Bh3
{[%clk 0:35:18]} 18. Ng3 {[%clk 0:46:21]} Be6 {[%clk 0:35:29]} 19. Qa4
{[%clk 0:26:25]} c5 {[%clk 0:33:07]} 20. b3 {[%clk 0:26:19]} d4 {[%clk 0:22:03]}
21. Bd2 {[%clk 0:26:18]} Bd5 {[%clk 0:21:45]} 22. Rac1 {[%clk 0:23:53]} Rad8
{[%clk 0:17:30]} 23. Qb5 {[%clk 0:21:51]} h5 {[%clk 0:12:32]} 24. Qe2
{[%clk 0:20:46]} Rf5 {[%clk 0:06:01]} 25. Qf1 {[%clk 0:12:47]} Rf7
{[%clk 0:05:06]} 26. f4 {[%clk 0:07:36]} h4 {[%clk 0:04:53]} 27. f5
{[%clk 0:07:43]} Qg4 {[%clk 0:04:39]} 28. e6 {[%clk 0:07:05]} Rf6
{[%clk 0:04:12]} 29. Qe2 {[%clk 0:06:30]} Qxe2 {[%clk 0:03:59]} 30. Nxe2
{[%clk 0:06:58]} Rxf5 {[%clk 0:03:41]} 31. Nf4 {[%clk 0:07:10]} Bc6
{[%clk 0:03:18]} 32. Nd3 {[%clk 0:01:52]} Re8 {[%clk 0:02:37]} 33. Rc2
{[%clk 0:01:22]} Bb5 {[%clk 0:02:47]} 34. Nb2 {[%clk 0:01:02]} c4
{[%clk 0:02:50]} 35. Nxc4 {[%clk 0:00:57]} d3+ {[%clk 0:03:11]} 36. Nxb6
{[%clk 0:01:20]} dxc2 {[%clk 0:03:36]} 37. Nc4 {[%clk 0:01:35]} Bxc4
{[%clk 0:03:44]} 38. bxc4 {[%clk 0:02:03]} Rf6 {[%clk 0:04:03]} 39. e7
{[%clk 0:02:14]} Kf7 {[%clk 0:04:28]} 40. Bb4 {[%clk 0:02:22]} Rb6
{[%clk 0:04:32]} 41. Rf1+ {[%clk 0:02:35]} Kg6 {[%clk 0:04:57]} 42. Ba3
{[%clk 0:02:32]} Rb1 {[%clk 0:05:17]} 0-1

[Event "Men-Tehran"]
[Site "?"]
[Date "2015.09.17"]
[Round "6.15"]
[White "Mousavi, Seyed Khalil"]
[Black "Grabliauskas, Virginijus"]
[Result "1/2-1/2"]
[BlackElo "2332"]
[WhiteElo "2427"]
[LiveChessVersion "1.4.6"]

1. c4 {[%clk 1:30:25]} Nf6 {[%clk 1:30:06]} 2. Nf3 {[%clk 1:29:16]} e6
{[%clk 1:29:54]} 3. g3 {[%clk 1:27:39]} d5 {[%clk 1:27:49]} 4. Bg2
{[%clk 1:23:54]} dxc4 {[%clk 1:28:09]} 5. Qa4+ {[%clk 1:23:38]} c6
{[%clk 1:28:23]} 6. Qxc4 {[%clk 1:23:59]} b5 {[%clk 1:28:44]} 7. Qc2
{[%clk 1:24:19]} Bb7 {[%clk 1:28:45]} 8. b3 {[%clk 1:21:09]} c5 {[%clk 1:26:01]}
9. Bb2 {[%clk 1:19:49]} Be7 {[%clk 1:23:23]} 10. O-O {[%clk 1:16:05]} Nbd7
{[%clk 1:22:52]} 11. a4 {[%clk 1:13:59]} a6 {[%clk 1:20:33]} 12. axb5
{[%clk 1:02:37]} axb5 {[%clk 1:20:52]} 13. Nc3 {[%clk 1:00:01]} Qb6
{[%clk 1:09:52]} 14. Qd3 {[%clk 0:55:21]} Rb8 {[%clk 1:05:51]} 15. e4
{[%clk 0:43:26]} Bc6 {[%clk 0:38:33]} 16. Qc2 {[%clk 0:34:06]} Qb7
{[%clk 0:36:21]} 17. d3 {[%clk 0:30:51]} O-O {[%clk 0:36:12]} 18. Nd2
{[%clk 0:29:44]} Rfd8 {[%clk 0:32:16]} 19. Ne2 {[%clk 0:29:15]} Ra8
{[%clk 0:26:23]} 20. d4 {[%clk 0:22:51]} Rxa1 {[%clk 0:19:22]} 21. Bxa1
{[%clk 0:20:59]} Qa7 {[%clk 0:14:57]} 22. Nf4 {[%clk 0:13:27]} Nb8
{[%clk 0:12:45]} 23. d5 {[%clk 0:05:12]} exd5 {[%clk 0:12:59]} 24. Bxf6
{[%clk 0:05:39]} Bxf6 {[%clk 0:12:45]} 25. exd5 {[%clk 0:05:57]} Ba8
{[%clk 0:07:46]} 26. Ne4 {[%clk 0:06:11]} Nd7 {[%clk 0:06:16]} 27. Nxf6+
{[%clk 0:05:52]} Nxf6 {[%clk 0:06:40]} 28. Rc1 {[%clk 0:06:15]} h6
{[%clk 0:03:40]} 29. h4 {[%clk 0:04:24]} Rc8 {[%clk 0:02:36]} 30. Qf5
{[%clk 0:01:59]} Rd8 {[%clk 0:02:40]} 31. g4 {[%clk 0:01:39]} Qd7
{[%clk 0:02:01]} 32. Rxc5 {[%clk 0:01:29]} Qe7 {[%clk 0:01:22]} 33. Rc8
{[%clk 0:01:02]} g6 {[%clk 0:01:03]} 34. Nxg6 {[%clk 0:00:33]} fxg6
{[%clk 0:00:46]} 35. Qxg6+ {[%clk 0:00:46]} Kf8 {[%clk 0:00:58]} 36. Qxh6+
{[%clk 0:00:35]} Kf7 {[%clk 0:00:45]} 37. Rxd8 {[%clk 0:00:34]} Qxd8
{[%clk 0:01:13]} 38. g5 {[%clk 0:00:56]} Ng8 {[%clk 0:00:59]} 39. g6+
{[%clk 0:00:35]} Ke8 {[%clk 0:01:03]} 40. Qh5 {[%clk 0:00:33]} Qe7
{[%clk 0:00:56]} 41. Qf5 {[%clk 0:00:33]} Kd8 {[%clk 0:00:34]} 42. d6
{[%clk 0:00:33]} Qe1+ {[%clk 0:00:36]} 43. Kh2 {[%clk 0:01:02]} Bxg2
{[%clk 0:00:52]} 44. Kxg2 {[%clk 0:01:22]} Qe8 {[%clk 0:00:59]} 45. Kh2
{[%clk 0:00:42]} Qd7 {[%clk 0:00:50]} 46. Qf8+ {[%clk 0:00:36]} Qe8
{[%clk 0:01:18]} 47. Qg7 {[%clk 0:00:34]} Qe6 {[%clk 0:01:06]} 48. Qc7+
{[%clk 0:00:35]} Ke8 {[%clk 0:01:35]} 49. Qb8+ {[%clk 0:00:34]} Kd7
{[%clk 0:02:01]} 50. Qc7+ {[%clk 0:01:03]} Ke8 {[%clk 0:02:26]} 51. h5
{[%clk 0:00:33]} Nf6 {[%clk 0:01:24]} 52. Qb8+ {[%clk 0:00:36]} Kd7
{[%clk 0:01:53]} 53. Qc7+ {[%clk 0:01:05]} Ke8 {[%clk 0:01:51]} 54. Qb8+
{[%clk 0:00:34]} Kd7 {[%clk 0:02:47]} 55. Qc7+ {[%clk 0:00:34]} Ke8 56. Qb8+ Kd7
57. Qc7+ Ke8 1/2-1/2

[Event "Men-Tehran"]
[Site "?"]
[Date "2015.09.17"]
[Round "6.16"]
[White "Mosadeghpour, Masoud"]
[Black "Dalir, Alireza"]
[Result "1-0"]
[BlackElo "2297"]
[WhiteElo "2416"]
[LiveChessVersion "1.4.6"]

1. e4 c5 2. d4 cxd4 3. c3 dxc3 4. Nxc3 d6 5. Bc4 Nc6 6. Nf3 a6 7. O-O Nf6 8. Be3
e6 9. Qe2 Be7 10. Rfd1 Bd7 11. Bb3 b5 12. Bf4 Qb8 13. e5 Nh5 14. Bg5 dxe5 15.
Bxe7 Kxe7 16. Qe3 Qa7 17. Nxe5 Qxe3 18. Rxd7+ Ke8 19. fxe3 Nxe5 20. Rb7 Nf6 21.
a4 Ned7 22. axb5 Nc5 23. Rc7 Nxb3 24. Ra3 Nd2 25. bxa6 Nd7 26. Nb5 Ne4 27. Rc4
Ke7 28. Rxe4 Nc5 29. Rc4 Nxa6 30. Rca4 Rab8 31. Na7 Nc5 32. Rc4 Kd6 33. b4 Rb7
34. bxc5+ Kd5 35. Rd4+ 1-0

[Event "Men-Tehran"]
[Site "?"]
[Date "2015.09.17"]
[Round "6.17"]
[White "Ghane, Shojaat"]
[Black "Pashikian, Arman"]
[Result "1/2-1/2"]
[BlackElo "2614"]
[WhiteElo "2326"]
[LiveChessVersion "1.4.6"]

1. d4 {[%clk 1:19:54]} Nf6 {[%clk 1:30:55]} 2. Nf3 {[%clk 1:20:08]} d5
{[%clk 1:30:54]} 3. c4 {[%clk 1:16:04]} e6 {[%clk 1:31:19]} 4. e3
{[%clk 1:15:51]} a6 {[%clk 1:30:19]} 5. Nbd2 {[%clk 1:05:31]} c5 {[%clk 1:29:48]}
6. b3 {[%clk 0:59:51]} Nc6 {[%clk 1:28:31]} 7. Bb2 {[%clk 0:59:18]} dxc4
{[%clk 1:20:30]} 8. bxc4 {[%clk 0:58:38]} Be7 {[%clk 1:20:26]} 9. Be2
{[%clk 0:57:43]} O-O {[%clk 1:19:14]} 10. O-O {[%clk 0:58:05]} b6
{[%clk 1:13:31]} 11. Rc1 {[%clk 0:57:26]} Bb7 {[%clk 1:11:45]} 12. Bd3
{[%clk 0:57:16]} Qc7 {[%clk 1:08:41]} 13. Qe2 {[%clk 0:56:50]} Rfd8
{[%clk 1:06:12]} 14. Rfd1 {[%clk 0:55:56]} Rac8 {[%clk 1:01:19]} 15. Bb1
{[%clk 0:52:15]} cxd4 {[%clk 0:51:29]} 16. exd4 {[%clk 0:52:09]} Qf4
{[%clk 0:51:07]} 17. Nf1 {[%clk 0:42:24]} Bd6 {[%clk 0:37:27]} 18. d5
{[%clk 0:32:57]} exd5 {[%clk 0:31:49]} 19. cxd5 {[%clk 0:33:19]} Re8
{[%clk 0:31:56]} 20. Ne3 {[%clk 0:31:04]} Ne5 {[%clk 0:30:28]} 21. Bxe5
{[%clk 0:30:46]} Bxe5 {[%clk 0:30:44]} 22. Rxc8 {[%clk 0:30:56]} Bxc8
{[%clk 0:31:00]} 23. Nxe5 {[%clk 0:31:02]} Qxe5 {[%clk 0:31:04]} 24. Qd3
{[%clk 0:22:22]} g6 {[%clk 0:22:22]} 25. h3 {[%clk 0:19:44]} Qg5 {[%clk 0:22:01]}
26. Kf1 {[%clk 0:18:27]} Ne4 {[%clk 0:16:46]} 27. Qd4 {[%clk 0:16:20]} Ng3+
{[%clk 0:16:57]} 28. Ke1 {[%clk 0:16:26]} Nh5 {[%clk 0:16:21]} 29. Kf1
{[%clk 0:13:07]} Nf4 {[%clk 0:15:46]} 30. Be4 {[%clk 0:12:47]} Bd7
{[%clk 0:15:34]} 31. a4 {[%clk 0:08:32]} b5 {[%clk 0:15:45]} 32. Ng4
{[%clk 0:06:16]} Bxg4 {[%clk 0:14:23]} 33. hxg4 {[%clk 0:06:42]} f5
{[%clk 0:06:10]} 34. gxf5 {[%clk 0:04:41]} Qh5 {[%clk 0:06:37]} 35. f3
{[%clk 0:04:25]} gxf5 {[%clk 0:07:03]} 36. Bc2 {[%clk 0:03:35]} Nxg2
{[%clk 0:01:15]} 37. Kf2 {[%clk 0:04:04]} Ne1 {[%clk 0:01:37]} 38. Qf4
{[%clk 0:03:27]} Nxc2 {[%clk 0:00:49]} 39. d6 {[%clk 0:03:48]} Ne3
{[%clk 0:00:32]} 40. Rg1+ {[%clk 0:03:11]} Ng4+ {[%clk 0:00:46]} 41. fxg4
{[%clk 0:02:45]} Qh4+ {[%clk 0:01:12]} 42. Rg3 {[%clk 0:00:45]} Qh2+
{[%clk 0:01:14]} 43. Kf1 {[%clk 0:01:11]} Qh1+ {[%clk 0:00:38]} 44. Rg1
{[%clk 0:01:33]} Qh3+ {[%clk 0:01:04]} 45. Rg2 {[%clk 0:01:32]} Qh1+
{[%clk 0:00:31]} 46. Rg1 {[%clk 0:01:57]} Qh3+ {[%clk 0:00:59]} 47. Rg2
{[%clk 0:02:24]} Qh1+ {[%clk 0:00:46]} 48. Rg1 {[%clk 0:02:53]} Qh3+
{[%clk 0:00:48]} 1/2-1/2

[Event "Men-Tehran"]
[Site "?"]
[Date "2015.09.17"]
[Round "6.18"]
[White "Pourramezanali, Amirreza"]
[Black "Khademi, Mohammad Miran"]
[Result "1-0"]
[BlackElo "2235"]
[WhiteElo "2453"]
[LiveChessVersion "1.4.6"]

1. d4 f5 {[%clk 1:26:30]} 2. Nc3 {[%clk 1:31:13]} d5 {[%clk 1:22:53]} 3. Nf3
{[%clk 1:30:05]} Nf6 {[%clk 1:23:08]} 4. Bf4 {[%clk 1:30:28]} c6 {[%clk 1:22:51]}
5. e3 {[%clk 1:30:50]} e6 {[%clk 1:23:00]} 6. Bd3 {[%clk 1:31:15]} Be7
{[%clk 1:22:37]} 7. O-O {[%clk 1:31:38]} O-O {[%clk 1:21:47]} 8. Ne2
{[%clk 1:31:52]} Ne4 {[%clk 1:21:39]} 9. h3 {[%clk 1:28:24]} Nd7 {[%clk 1:17:23]}
10. c4 {[%clk 1:28:27]} Qe8 {[%clk 1:09:45]} 11. Qc2 {[%clk 1:24:01]} Ndf6
{[%clk 0:42:00]} 12. Ne5 {[%clk 1:22:54]} g5 {[%clk 0:37:53]} 13. Bh2
{[%clk 1:23:17]} Qh5 {[%clk 0:38:16]} 14. f3 {[%clk 1:11:35]} Nd6
{[%clk 0:38:38]} 15. cxd5 {[%clk 1:10:02]} Nxd5 {[%clk 0:36:53]} 16. Qd2
{[%clk 1:09:59]} f4 {[%clk 0:32:59]} 17. exf4 {[%clk 1:09:22]} gxf4
{[%clk 0:33:23]} 18. Nxf4 {[%clk 0:56:24]} Qg5 {[%clk 0:32:11]} 19. h4
{[%clk 0:56:47]} Qxh4 {[%clk 0:32:35]} 20. Ne2 {[%clk 0:57:00]} Nf5
{[%clk 0:32:42]} 21. f4 {[%clk 0:56:46]} Bb4 {[%clk 0:22:34]} 22. Qc1
{[%clk 0:56:24]} Bd6 {[%clk 0:22:34]} 23. Rf3 {[%clk 0:54:52]} Bxe5
{[%clk 0:22:54]} 24. dxe5 {[%clk 0:52:00]} Rf7 {[%clk 0:21:40]} 25. Rh3
{[%clk 0:46:18]} Qg4 {[%clk 0:20:52]} 26. Bxf5 {[%clk 0:40:52]} Qxf5
{[%clk 0:21:11]} 27. Nd4 {[%clk 0:40:51]} Qe4 {[%clk 0:21:05]} 28. Qd2
{[%clk 0:41:15]} c5 {[%clk 0:17:46]} 29. Nb5 {[%clk 0:38:04]} Rg7
{[%clk 0:17:35]} 30. Nd6 {[%clk 0:37:22]} Qd4+ {[%clk 0:16:44]} 31. Qxd4
{[%clk 0:37:33]} cxd4 {[%clk 0:17:12]} 32. Rd1 {[%clk 0:36:19]} Bd7
{[%clk 0:16:23]} 33. Rxd4 {[%clk 0:35:48]} Bc6 {[%clk 0:16:50]} 34. Rg3
{[%clk 0:35:48]} Ne3 {[%clk 0:16:02]} 35. Rxg7+ {[%clk 0:32:33]} Kxg7
{[%clk 0:16:30]} 36. Rd3 {[%clk 0:32:56]} Nf5 {[%clk 0:15:02]} 37. Nxf5+
{[%clk 0:30:05]} exf5 {[%clk 0:15:29]} 38. Bg3 {[%clk 0:30:31]} Be4
{[%clk 0:15:02]} 39. Rd7+ {[%clk 0:30:45]} Kg6 {[%clk 0:15:25]} 40. Be1
{[%clk 0:29:46]} Bc6 {[%clk 0:12:40]} 41. Rd6+ {[%clk 0:29:33]} Kh5
{[%clk 0:11:37]} 42. Kf2 {[%clk 0:28:58]} Rg8 {[%clk 0:09:34]} 43. g3
{[%clk 0:29:24]} Rg6 {[%clk 0:09:54]} 44. e6 {[%clk 0:27:16]} Rg8
{[%clk 0:08:46]} 45. e7 {[%clk 0:26:05]} Be8 {[%clk 0:08:07]} 46. Rf6
{[%clk 0:26:05]} Rg7 {[%clk 0:08:06]} 47. Rxf5+ {[%clk 0:26:17]} Kg6
{[%clk 0:07:57]} 48. Re5 {[%clk 0:17:13]} Kf6 {[%clk 0:08:17]} 49. Bb4
{[%clk 0:17:30]} a6 {[%clk 0:08:11]} 50. Bc5 {[%clk 0:16:02]} h5 {[%clk 0:06:08]}
51. Bd4 {[%clk 0:14:38]} Rxe7 {[%clk 0:05:37]} 52. Rxh5+ {[%clk 0:15:02]} Ke6
{[%clk 0:04:40]} 53. Re5+ {[%clk 0:15:17]} Kf7 {[%clk 0:05:05]} 54. Rxe7+
{[%clk 0:15:39]} Kxe7 {[%clk 0:05:26]} 55. g4 {[%clk 0:16:08]} 1-0

[Event "Men-Tehran"]
[Site "?"]
[Date "2015.09.17"]
[Round "6.19"]
[White "Noroozi, Omid"]
[Black "Maghsoodloo, Parham"]
[Result "0-1"]
[BlackElo "2447"]
[WhiteElo "2375"]
[LiveChessVersion "1.4.6"]

1. c4 {[%clk 1:25:49]} d6 {[%clk 1:29:17]} 2. d4 {[%clk 1:25:54]} g6
{[%clk 1:29:40]} 3. Nc3 {[%clk 1:25:43]} Bg7 {[%clk 1:29:53]} 4. e4
{[%clk 1:25:41]} e5 {[%clk 1:29:22]} 5. d5 {[%clk 1:25:45]} Ne7 {[%clk 1:28:07]}
6. Be2 {[%clk 1:18:32]} Nd7 {[%clk 1:27:53]} 7. h4 {[%clk 1:15:33]} f5
{[%clk 1:26:47]} 8. exf5 {[%clk 1:08:34]} gxf5 {[%clk 1:27:08]} 9. Bg5
{[%clk 1:08:24]} O-O {[%clk 1:24:55]} 10. Qd2 {[%clk 1:07:58]} a5
{[%clk 1:21:29]} 11. g3 {[%clk 0:56:38]} Nc5 {[%clk 1:18:44]} 12. f3
{[%clk 0:54:45]} Bd7 {[%clk 1:12:19]} 13. Nh3 {[%clk 0:54:56]} f4
{[%clk 1:09:52]} 14. g4 {[%clk 0:34:23]} h6 {[%clk 1:07:54]} 15. Bxe7
{[%clk 0:34:50]} Qxe7 {[%clk 1:08:17]} 16. Nf2 {[%clk 0:35:18]} e4
{[%clk 1:08:40]} 17. Nfxe4 {[%clk 0:29:01]} Nxe4 {[%clk 1:08:56]} 18. Nxe4
{[%clk 0:29:29]} Bxg4 {[%clk 1:08:35]} 19. O-O-O {[%clk 0:24:57]} Bd7
{[%clk 0:58:40]} 20. Bd3 {[%clk 0:20:47]} Kh8 {[%clk 0:49:48]} 21. Rde1
{[%clk 0:18:59]} Be5 {[%clk 0:49:52]} 22. Kb1 {[%clk 0:16:31]} Rg8
{[%clk 0:42:59]} 23. Ng5 {[%clk 0:13:09]} Rg7 {[%clk 0:43:20]} 24. Bc2
{[%clk 0:06:07]} Rf8 {[%clk 0:40:36]} 25. Ne4 {[%clk 0:05:09]} b6
{[%clk 0:38:45]} 26. a3 {[%clk 0:03:13]} Rfg8 {[%clk 0:35:45]} 27. Ng5
{[%clk 0:03:26]} Rb8 {[%clk 0:36:14]} 28. Ne4 {[%clk 0:00:47]} b5
{[%clk 0:36:10]} 29. Qxa5 {[%clk 0:00:37]} bxc4 {[%clk 0:36:30]} 30. Nc3
{[%clk 0:00:32]} Be8 {[%clk 0:33:38]} 31. Reg1 {[%clk 0:00:33]} c6
{[%clk 0:32:54]} 32. dxc6 {[%clk 0:00:32]} Bxc6 {[%clk 0:33:13]} 33. Be4
{[%clk 0:00:57]} Qb7 {[%clk 0:31:26]} 0-1